Open Data Biblioteca Nacional de Portugal


República Portuguesa: Ministério da Cultura
Biblioteca Nacional de Portugal

Catálogo da BNP: acesso por Identificadores Unívocos
Registos Bibliográficos associados ao registo de autoridade

Etiqueta de registo: 00254nam 2200025 450
001 2285187
003 http://id.bnportugal.gov.pt/bib/catbnp/2285187
010 ## $a978-989-573-001-8
021 ## $aPT$b514515/23
100 ## $a20260424d2023 em y0pory01030103ba
101 1# $apor
102 ## $aPT
105 ## $aa z 000yy
106 ## $ar
200 1# $aIoga para desajeitados$ftexto e il. Marion Deuchars$gtrad. Carina Mariais, Joana Barcelos
205 ## $a1ª ed
210 #9 $aLisboa$cEdicare,$d2023
215 ## $a[80] p.$cil.$d19 cm
700 #1 $aDeuchars,$bMarion,$f1964-$31736658
702 #1 $aMariais,$bCarina$4730$31905958
702 #1 $aBarcelos,$bJoana$4730$31996828
801 #0 $aPT$bBN$gRPC
966 ## $lBN$mFGMON$x1
966 ## $lBN$mFGMON$x1
971 ## $cssilva$d20260424

OpendataBNP@bnportugal.pt | Mais informação sobre acesso aos dados BNP